| 000 | 00662nam a22002057a 4500 | ||
|---|---|---|---|
| 005 | 20220718093223.0 | ||
| 008 | 220718b ||||| |||| 00| 0 eng d | ||
| 040 | _cAL | ||
| 041 | _aEnglish | ||
| 082 |
_223 _a267.3 _bCATC |
||
| 100 |
_aCatholic Bishops _950450 |
||
| 245 | _aCatholic Council of India: Seventh General Body Meeting Trivandrum December 6-8-2003 | ||
| 260 |
_aNew Delhi _bCatholic Bishops Conference of India _c2003 |
||
| 300 |
_aiii,317 p. _bPB _c21.5x14 cm. |
||
| 650 |
_aChristianity _950451 |
||
| 650 |
_aReligion _950452 |
||
| 650 |
_aCatholic Council General Body Meeting _950453 |
||
| 700 |
_aCATHOLIC BISHOPS _950454 |
||
| 942 |
_2ddc _cGF |
||
| 999 |
_c223890 _d223890 |
||